Zaznacz stany USA na mapie bez granic – Nagła śmierć - Statystyki

Ogólne statystyki
  • Ten quiz został rozwiązany 603 razy
  • Średni wynik to 5 z 50
Odpowiedzi na mapie
Odpowiedzi zakodowano w zielono-czerwonej skali na mapie do tego quizu, zgodnie z poniższymi procentami.
 
Statystyki odpowiedzi
Odpowiedź % Poprawnych
Hawaje
36%
Alaska
34%
Floryda
34%
Teksas
30%
Kalifornia
28%
Waszyngton
26%
Nowy Meksyk
21%
Oregon
19%
Montana
18%
Nevada
16%
Arizona
15%
Michigan
15%
Dakota Północna
14%
Maine
14%
Illinois
13%
Ohio
13%
Dakota Południowa
11%
Nowy Jork
11%
Idaho
8%
Utah
8%
Wisconsin
8%
Wyoming
8%
Minnesota
7%
Indiana
6%
Oklahoma
6%
Alabama
5%
Kolorado
5%
Iowa
4%
Kansas
4%
Karolina Północna
4%
Karolina Południowa
4%
Maryland
4%
Massachusetts
3%
Nebraska
3%
New Jersey
3%
Vermont
3%
Arkansas
2%
Connecticut
2%
Delaware
2%
Kentucky
2%
Tennessee
2%
Wirginia Zachodnia
2%
Missouri
1%
New Hampshire
1%
Georgia
0%
Luizjana
0%
Missisipi
0%
Pensylwania
0%
Rhode Island
0%
Wirginia
0%
Nie znaleziono quizów pasujących do podanych kryteriów
Rozkład punktacji
Procent ludzi z każdym wynikiem
Percentyl według liczby udzielonych odpowiedzi
Twoja historia wyników
Nie rozwiązałeś tego quizu